| Поле | Инд. | ПП | Название | Значение |
|---|---|---|---|---|
| Тип записи | a | |||
| Библиографический уровень | b | |||
| 001 | Контрольный номер | RU/IS/BASE/329407535 | ||
| 005 | Дата корректировки | 20200630193223.2 | ||
| 008 | Кодируемые данные | 20100609 | ||
| 040 | b | Код языка каталог. | rus | |
| e | Правила каталог. | PSBO | ||
| 041 | 0_ | a | Код языка текста | rus |
| 084 | a | Индекс другой классификации/Индекс ББК | 67.00 | |
| 100 | 1_ | a | Автор | Лисовская Г. В. |
| 245 | 10 | a | Заглавие | Национальное государство: политико-правовой анализ |
| 520 | a | Аннотация | Рассмотрены политические и правовые аспекты содержания понятия "национальное государство". Автор анализирует национальное государство с позиций различных подходов к интерпретации нации, исследует многообразные формы институционализации национальной государственности применительно к современной России. | |
| 650 | a | Основная рубрика | право | |
| a | Основная рубрика | теория права | ||
| a | Основная рубрика | философия права | ||
| 653 | 1_ | a | Ключевые слова | вера |
| a | Ключевые слова | глобализация | ||
| a | Ключевые слова | государственная политика | ||
| a | Ключевые слова | государство | ||
| a | Ключевые слова | гражданин | ||
| a | Ключевые слова | конфессии | ||
| a | Ключевые слова | народ | ||
| a | Ключевые слова | национализм | ||
| a | Ключевые слова | национальная идентичность | ||
| a | Ключевые слова | национальное государство | ||
| a | Ключевые слова | нация | ||
| a | Ключевые слова | правовая политика | ||
| a | Ключевые слова | религия | ||
| a | Ключевые слова | Россия | ||
| a | Ключевые слова | самоопределение наций | ||
| a | Ключевые слова | сепаратизм | ||
| a | Ключевые слова | этнос | ||
| 773 | 0_ | t | Заглавие источника | Философия права |
| d | Дата издания источника | 2009 | ||
| g | Прочая информация | № 6. - С. 123 - 126 | ||
| w | Контрольный № источника | RU/IS/BASE/321799267 | ||
| 901 | t | Тип документа | b |